00562nam a2200181Ia 4500003000900000008004100009020002200050040001600072080001600088100002000104245012500124260002500249300001600274650003000290650001200320650002500332650002300357IN-BaIIA211028s9999 xx 000 0 eng d a978-81-297-0094-0 cIIA Library a530.12bHAR aHartle, James B 0aGravityban introduction to Einstein's general relativitycJames B. Hartle  aDelhibPearsonc2003 axxii, 582p. aAstrophysical black holes aGravity aRelativity (Physics) aSpecial relativity